V duchu záverov III. zjazdu SZM

Bibliographic Details
Main Author: Krausová, Anna (Author)
Format: Article
Language:Slovak
Subjects:

MARC

LEADER 00000nab a2200000 a 4500
001 vtls000159126
003 SK-MaSNL
005 20260302210129.0
008 140301c1983 xo 0 slo
015 |a SNBRB19rr/mm-uuuuu 
035 |a CL0169236 
040 |a SNKBUCL  |b slo  |c SNKBUCL  |e AACR2 
041 0 |a slo 
044 |a xo  |c SK 
080 |a 329.78(437)PO SZM:37.01  |2 1981 
080 |a 37.01  |2 1981 
100 1 |a Krausová, Anna  |4 aut  |9 377422 
245 1 0 |a V duchu záverov III. zjazdu SZM  |c Anna Krausová 
650 0 7 |a pionierska organizácia  |2 snkbucl  |9 53180 
650 0 7 |a domy pionierov  |2 snkbucl  |9 932768 
655 7 |a články z novín a časopisov  |2 snkbucl  |9 267496 
773 0 |t Učiteľské noviny  |g Roč. 33, č. 29-30 (1983), s. 5 
850 |a Slovenská národná knižnica v Martine  |a MTA001 
852 |a SNK  |b KIS3GCP 
958 |a RK 
992 |a RBX 
999 |c 1481089  |d 1483019